| 000 | 00622nam a22001697a 4500 | ||
|---|---|---|---|
| 003 | BD-DhUL | ||
| 005 | 20160831192639.0 | ||
| 008 | 160831b xxu||||| |||| 00| 0 eng d | ||
| 040 | _cBD-DhUL | ||
| 082 |
_a923.75414 _bSUA |
||
| 100 | _aমৈত্র, সুরেশচন্দ্র | ||
| 245 |
_aঅশান্ত কাল জিজ্ঞাসা যুবক / _cমৈত্র, সুরেশচন্দ্র |
||
| 260 |
_aকলকাতা : _bপুথিপত্র, _c১৯৩০ |
||
| 300 |
_a১৫০ পৃ. ; _c২২ সেমি. |
||
| 650 |
_aইতিহাস _vHistory |
||
| 942 |
_2ddc _cBK |
||
| 999 |
_c103662 _d103662 |
||